00688nam a2200193 a 450000100060000000300080000600500170001400800410003103500190007204000510009104100130014208200220015510000590017724501040023626000330034030000310037350000310040460000590043519338BD-RjUL20211209000422.0140224t1944 nyuc 000 0 eng u a(BD-RjUL)19397 aPGPdOCLdSOIdSERdEQOdBD-RjULbengcBD-RjUL1 aenghrus04a923.247bMAB 19441 aMaĭskiĭ, I. M.q(Ivan Mikhaĭlovich),d1884-1975.10aBefore the storm :brecollections /cby I.M. Maisky ; translated from the Russian by Gerard Shelley aLondon :bHutchinson,c1944. a176 p. :bports. ;c22 cm. aTranslation of Pered burei10aMaĭskiĭ, I. M.q(Ivan Mikhaĭlovich),d1884-1975.